00689cam a22002053a 450000100060000000300060000600500170001200800410002904000150007004200070008505000100009210000350010224501770013726000290031450600300034351600200037365300190039383000290041285600420044119144PGUSA20140828083415.0060829s2006||||xxu|||||s|||||000 | eng d aPGUSAbeng adc 4aF10011 aMacGregor, William,d1846-191910aReport by the Governor on a Visit to the Micmac Indians at Bay d'Espoir :bColonial Reports, Miscellaneous. No. 54. Newfoundlandh[electronic resource] /cWilliam MacGregor bProject Gutenberg,c2006 aPublic domain in the USA. aElectronic text aMicmac Indians 0aProject Gutenbergv1914440uhttp://www.gutenberg.org/ebooks/19144